000 03817nam a22003977i 4500
001 B-12087
003 CO-BoFNCP
007 t||
008 090804s2009 ck r spa d
040 _aCO-BoFNCP
_bspa
_cCO-BoFNCP
_erda
041 _aspa
043 _ack
084 _aA-
100 1 _aGarcía N., Jesús A.
_937117,
_eautor.
_4aut
245 1 0 _aDesarrollo de perfiles térmicos en pilas aéreas para carbonización de estípite de palma de aceite.
246 2 _aDevelopment of thermal profiles in air batteries for the carbonization of oil palm stipes
264 4 _c©2009
300 _apáginas 29-38 :
_bTablas, gráficos, fotografías.
336 _atexto
_btxt
_2rdacontent
337 _asin mediación
_bn
_2rdamedia
338 _avolumen
_bnc
_2rdacarrier
500 _aContiene resumen en español e inglés.
504 _aIncluye referencias bibliográficas.
520 _aEn este trabajo se presenta la metodología desarrollada para el levantamiento de los perfiles de temperatura superficial e interno de una pila aérea de carbonización de estípite de palma de aceite, en la que los perfiles superficiales permiten observar temperaturas del orden de 40 y 60 C, y los internos, de unos 500 C, ambas adecuadas para el tratamiento termoquímico de biomasa. El sistema de pilas aéreas para carbonización presentó un tiempo total de operación que oscila entre 4 y 5 días después de la ignición, lo que permitió realizar las mediciones durante los tres primeros días de operación. El perfil de temperaturas internas corresponde al evaluado en la dirección angular a partir de la medición de temperaturas en seis puntos equidistantes conformando una base hexagonal de la pila. Para tales mediciones, se utilizaron termocuplas tipo "K" y un pirómetro para la medición de temperaturas internas y superficiales, respectivamente. En cuanto al proceso de carbonización, se obtuvo un rendimiento de conversión de biomasa a biocarbón del orden de 49% (base seca), a partir de biomasa de estípite de palma con humedad de 59,4%; se llegó a temperaturas de pirólisis-carbonización de 500-600 C y una masa carbonizada "biocarbón" con una humedad del 5%
520 _aThis paper presents the methodology developed for the lifting of the profiles surface temperature as both an internal for stack aerial carbonization of oil palm trunk, where the surface profiles show temperatures of about 40 and 60 C. As the internal profiles indicate temperatures around 500 C; these temperatures are suitable for thermochemical treatment of biomass. Similarly, the system of aerial stacks to carbonization presented a total time of operation ranged from 4 to 5 days after the ignition, which comporallowed the measurements during the first three days of operation of the aerial stack, where the profile internal temperatures corresponds to the evaluated in the angular direction from the measurement of temperature at six equidistant points forming a hexagonal base of the stack. For these measurements, we used thermocouples type "K" and a pyrometer to measure surface and internal temperatures, respectively. In the process of carbonization was obtained in a yield of biomass conversion to biochar of about 49% (dry basis), from oil palm trunk with moisture of 59.4%, reaching temperatures in the pyrolysis-carbonization range of 500-600 C and a mass of charred "Biochar" with humidity of 5%.
650 0 _aBiocombustibles
_929861.
650 0 _aBioetanol
_929867.
650 0 _aBiomasa
_93542.
650 0 _aPalma de aceite
_937678.
700 1 _aDelgado, Fabio
_941870.
700 1 _aMartínez G., Aldemar
_941871.
700 1 _aRincón R., Víctor
_936942.
773 0 _aPalmas (Colombia)
_gv. 30, no. 1 (2009), p.29-38
_wA-
_x0121-2923
942 _2z
_c1
999 _c26550
_d26550